000 00444nam a22001811a 4500
001 10276
003 OSt
005 20260204212153.0
008 081007s2001||||ck ||||||b||||||||||spa||
020 _a9586482774
050 _a340.56 R638m
100 _aRojas González, Germán
245 _aManual de derecho civil / Germán Rojas González
264 _aColombia : Ecoe
300 _a298 p
650 _aDerecho CivilÌ
942 _2ddc
_cBK
999 _c10276
_d10276